| Tag |
First Indicator |
Second Indicator |
Subfields |
| LEADER |
00000cam a2200000 4500 |
| 001 |
in00005776310 |
| 005 |
20260327191530.5 |
| 006 |
m o d |
| 007 |
cr ||||||||||| |
| 008 |
251004s2025 xx o ||| 0 eng d |
| 040 |
|
|
|a SFB
|b eng
|c SFB
|d UKMGB
|d OCLCO
|d YDX
|d SFB
|d OCLCQ
|
| 015 |
|
|
|a GBC5B1046
|2 bnb
|
| 016 |
7 |
|
|a 300621511
|2 Uk
|
| 020 |
|
|
|a 0443439389
|
| 020 |
|
|
|a 9780443439384
|
| 020 |
|
|
|a 9780443439391
|q ePub ebook
|
| 020 |
|
|
|a 0443439397
|
| 024 |
8 |
|
|a CIPO000293452
|
| 035 |
|
|
|a (OCoLC)1545650258
|
| 050 |
|
4 |
|a RA565
|
| 082 |
0 |
4 |
|a 616.1
|2 23
|
| 049 |
|
|
|a TXAM
|
| 100 |
1 |
|
|a Aitken, William W.
|
| 245 |
1 |
0 |
|a Environmental Greenness and Cardiovascular Health.
|
| 260 |
|
|
|b Academic Press,
|c 2025.
|
| 300 |
|
|
|a 1 online resource
|
| 336 |
|
|
|a text
|b txt
|2 rdacontent
|
| 337 |
|
|
|a computer
|b c
|2 rdamedia
|
| 338 |
|
|
|a online resource
|b cr
|2 rdacarrier
|
| 520 |
|
|
|a Environmental Greenness and Cardiovascular Health provides a comprehensive understanding of how environmental factors, particularly green spaces, impact cardiovascular health.
|
| 650 |
|
0 |
|a Cardiovascular system
|x Diseases
|x Environmental aspects.
|
| 650 |
|
0 |
|a City planning
|x Health aspects.
|
| 650 |
|
0 |
|a Environmentally induced diseases.
|
| 650 |
|
0 |
|a Landscapes
|x Health aspects.
|
| 650 |
|
6 |
|a Appareil cardiovasculaire
|x Maladies
|x Aspect de l'environnement.
|
| 650 |
|
6 |
|a Maladies de l'environnement.
|
| 650 |
|
7 |
|a Cardiovascular system
|x Diseases
|2 fast
|
| 650 |
|
7 |
|a City planning
|x Health aspects
|2 fast
|
| 650 |
|
7 |
|a Environmentally induced diseases
|2 fast
|
| 650 |
|
7 |
|a Landscapes
|2 fast
|
| 655 |
|
7 |
|a Electronic books.
|2 local
|
| 710 |
2 |
|
|a ScienceDirect (Online service)
|
| 776 |
0 |
8 |
|i Print version :
|z 9780443439384
|
| 856 |
4 |
0 |
|u http://proxy.library.tamu.edu/login?url=https://www.sciencedirect.com/science/book/9780443439384
|z Connect to the full text of this electronic book
|t 0
|
| 936 |
|
|
|a BATCHLOAD
|
| 955 |
|
|
|a Elsevier ScienceDirect 2026-2027
|
| 994 |
|
|
|a 92
|b TXA
|
| 999 |
f |
f |
|i a23564b6-2a71-4d56-9b03-ac658283277a
|s 436b14ed-e0d3-423c-b16c-a507557084c6
|t 0
|
| 952 |
f |
f |
|a Texas A&M University
|b College Station
|c Electronic Resources
|s www_evans
|d Available Online
|t 0
|e RA565
|h Library of Congress classification
|
| 998 |
f |
f |
|a RA565
|t 0
|l Available Online
|